书目信息 |
| 题名: |
英汉信息技术标准术语词典
|
|
| 作者: | 林宁 主编 | |
| 分册: | ||
| 出版信息: | 北京 电子工业出版社 1992.05 |
|
| 页数: | 517页 | |
| 开本: | 32开 | |
| 丛书名: | ||
| 单 册: | ||
| 中图分类: | TP3-61 | |
| 科图分类: | ||
| 主题词: | 计算技术 , 电子计算机 | |
| 电子资源: | ||
| ISBN: | 7-5053-1827-6 | |
| 000 | 00600nam0 2200205 45 | |
| 001 | 0003171487 | |
| 005 | 20000317145925.4 | |
| 010 | @a7-5053-1827-6@d18.50元 | |
| 100 | @a20000317d1992 km y0chiy0120 ea | |
| 101 | @achi | |
| 105 | @a z 000yy | |
| 200 | 1 | @a英汉信息技术标准术语词典@AYing Han Xin Xi Ji Shu Biao Zhun Shu Yu Ci Dian@f林宁主编@FLin Ning Zhu Bian |
| 210 | @a北京@c电子工业出版社@d1992.05 | |
| 215 | @a517页@d32开 | |
| 606 | 0 | @a计算技术 |
| 606 | 0 | @a电子计算机 |
| 690 | @aTP3-61@v3 | |
| 701 | @a林宁@4主编 | |
| 801 | @aCN@bPftUser@c20000317 | |
| 905 | @f3@b50977-979@dTP3-61@eL.533 | |
| 英汉信息技术标准术语词典/林宁主编.-北京:电子工业出版社,1992.05 |
| 517页;32开 |
| ISBN 7-5053-1827-6:18.50元 |
| ● |
| 相关链接 |
|
|
|
正题名:英汉信息技术标准术语词典
索取号:TP3-61/L.533
 
预约/预借
| 序号 | 登录号 | 条形码 | 馆藏地/架位号 | 状态 | 备注 |
| 1 | 50977 | 200509770 | 自科库301/301自科库 45排2列3层/ [索取号:TP3-61/L.533] | 在馆 | |
| 2 | 50978 | 200509789 | 自科二线400A/400A自科库 1排2列4层/ [索取号:TP3-61/L.533] | 在馆 | |
| 3 | 50979 | 200509798 | 自科库301/301自科库 45排2列3层/ [索取号:TP3-61/L.533] | 在馆 |